000 00927nam a2200277 a 4500
005 20240516124726.0
008 100322s2011||||sp a f |||| 001 0 spa d
020 _a9788445820650
041 _aspa
092 _c611.022
_s55
_lNET
100 1 _aNetter, Frank H.
_9147
245 _aAtlas de Anatomía Humana /
_cFrank H. Netter.
250 _a5a ed. versión en español de la obra original en inglés
_bTraducción y revisión científica Victor Götzens García
260 _aBarcelona:
_bElsevier ; Masson;
_c2011.
300 _a532 p.
_bil.
500 _aNetter, F. H. (2011). Atlas de anatomía humana. (5a ed.). Barcelona : Elsevier ; Masson.
653 _aCabeza y cuello
653 _aDorso y médula espinal
653 _aTórax
653 _aAbdomen
653 _aPelvis y periné
653 _aMiembro superior
653 _aMiembro inferior
653 _aAnatomía seccional
942 _2ddc
_cBK
_04
999 _c1241
_d1241